[Event "5th Chennai Open 2013"]
[Site "Chennai IND"]
[Date "2013.01.18"]
[Round "6"]
[White "Dzhumaev,M"]
[Black "Wan Yunguo"]
[Result "1/2-1/2"]
[WhiteElo "2554"]
[BlackElo "2497"]

1.e4 c5 2.Nf3 Nc6 3.Bb5 g6 4.O-O Bg7 5.c3 Nf6 6.Re1 O-O 7.h3 a6 8.Bf1 e5
9.a4 d5 10.exd5 Nxd5 11.d3 Re8 12.Nbd2 h6 13.Nc4 b6 14.Bd2 Bf5 15.g4 Bc8
16.Bg2 Rb8 17.d4 cxd4 18.cxd4 exd4 19.Rxe8+ Qxe8 20.Qc1 Qf8 21.Ng5 hxg5 22.Bxd5 Bd7
23.Qc2 Qc5 24.Be4 Rc8 25.Rc1 Ne5 26.b3 Nxc4 27.bxc4 Bf6 28.Bd5 Kg7 29.Qb3 Be6
30.Bxe6 fxe6 31.a5 bxa5 32.Qb7+ Rc7 33.Qxa6 Ra7 34.Qxe6 a4 35.h4 a3 36.hxg5 Bxg5
37.f4 Bf6 38.g5 d3+ 39.Be3 Bd4 40.Qf6+ Bxf6 41.gxf6+ Kxf6 42.Bxc5 Ra4 43.Be3 a2
44.Ra1 Kf5 45.c5 Ke4 46.Kf2 Kd5 47.Ke1 Ra6 48.Kd2 Ke4 49.c6 Rxc6 50.Rxa2 Rc4
51.Rb2 Ra4 52.Bc5 Rc4 53.Be7 Kxf4 54.Kxd3 Ra4 55.Rg2 Kf5 56.Rg5+ Ke6 57.Bd8 Kf7
58.Re5 Ra8 59.Bg5 Re8 60.Ra5 Ke6 61.Ke4 Rc8 62.Ra6+ Kd7 63.Kd5 Rc7 64.Bf4 Rb7
65.Rd6+ Kc8 66.Rf6 Kd7 67.Bd6 g5 68.Bc5 g4 69.Rd6+ Kc7 70.Rg6 g3 71.Rxg3 Kd7
72.Rg6 Kc7 73.Rh6 Kd7 74.Bb6 Kc8 75.Kc5 Kd7 76.Rd6+ Ke7 77.Bd8+ Kf7 78.Bg5 Ra7
79.Kd4 Ra4+ 80.Ke5 Ra5+ 81.Kf4 Ra4+ 82.Kf5 Ra5+ 83.Kg4 Ra7 84.Rf6+ Ke8 85.Re6+ Kf7
86.Re4 Rd7 87.Kh5 Rc7 88.Re5 Rd7 89.Bh4 Rc7 90.Kg5 Re7 91.Rd5 Ke6 92.Ra5 Rd7
93.Kg6 Rd5 94.Ra8 Rd6 95.Bf6 Rc6 96.Ra7 Rd6 97.Re7+ Kd5 98.Kf5 Rc6 99.Be5 Rb6
100.Rd7+ Kc6 101.Ke6 Rb7 102.Rd6+ Kc5 103.Kf5 Kc4 104.Ke4 Kc5 105.Rd4 Kc6
106.Rc4+ Kb5 107.Rc1 Rd7 108.Bd4 Re7+ 109.Kd5 Rd7+ 110.Ke5 Re7+ 111.Kd6 Rb7
112.Be5 Rb6+ 113.Kd5 Rb7 114.Bd6 Kb6 115.Ra1 Kb5 116.Rb1+ Ka6 117.Bb4 Rb5+
118.Kc4 Rb7 119.Rf1 Kb6 120.Rf6+ Kc7 121.Kc5 Kd7 122.Rf7+ Kc8 123.Rf4  1/2-1/2

[Event "e2e4 Chester Open"]
[Site "Chester ENG"]
[Date "2013.01.18"]
[Round "1"]
[White "Truman,R"]
[Black "Garnett,J"]
[Result "0-1"]
[WhiteElo "1935"]
[BlackElo "2030"]

1.e4 c5 2.Nf3 Nc6 3.Bb5 g6 4.O-O Bg7 5.c3 e5 6.Re1 Nge7 7.d4 exd4 8.Bf4 O-O
9.e5 Nd5 10.Bg5 Qb6 11.Bc4 Nc7 12.Qd2 Ne6 13.Bf6 dxc3 14.Nxc3 Nc7 15.Ne4 Qb4
16.Qxb4 Nxb4 17.Be7 Re8 18.Bxc5 Nc2 19.Nd6 Nxe1 20.Bxf7+ Kh8 21.Rxe1 Rf8
22.Bd5 Nxd5  0-1

[Event "ch-BLR w 2013"]
[Site "Minsk BLR"]
[Date "2013.01.18"]
[Round "9.2"]
[White "Davydova,Natalia"]
[Black "Brovko,N"]
[Result "0-1"]
[WhiteElo "1991"]
[BlackElo "1984"]

1.e4 c5 2.Nf3 Nc6 3.Bb5 g6 4.Bxc6 dxc6 5.d3 Bg7 6.Nc3 Nf6 7.Be3 b6 8.Qd2 Ng4
9.Bg5 O-O 10.h3 Ne5 11.Nxe5 Bxe5 12.f4 Bg7 13.O-O-O b5 14.Ne2 b4 15.d4 Ba6
16.e5 f6 17.Bh4 Qa5 18.Kb1 Rfd8 19.Qe3 Bc4 20.b3 cxd4 21.Nxd4 Bd5 22.exf6 exf6
23.Nxc6 Bxc6 24.Qe6+ Kh8 25.Qxc6 Qf5 26.Qc7 Rdc8 27.g4 Qe4 28.Rhe1 Qg2 29.Rd8+ Rxd8
30.Re7 Qg1+ 31.Be1 Rd1+ 32.Kb2 Rxe1  0-1

[Event "38th Seville Open"]
[Site "Seville ESP"]
[Date "2013.01.18"]
[Round "8.9"]
[White "Campora,D"]
[Black "Gonzalez Galvan,J"]
[Result "1-0"]
[WhiteElo "2490"]
[BlackElo "2249"]

1.e4 c5 2.Nf3 Nc6 3.Bb5 g6 4.Bxc6 dxc6 5.d3 Bg7 6.Nc3 c4 7.d4 Bg4 8.Be3 Qb6
9.Qd2 O-O-O 10.O-O-O e5 11.d5 Qa6 12.h3 Bxf3 13.gxf3 cxd5 14.Nxd5 Nf6 15.Ne7+ Kb8
16.Qxd8+ Rxd8 17.Rxd8+ Kc7 18.Rc8+ Kd6 19.Rd1+ Kxe7 20.Bc5+ Ke6 21.Rcd8 Bh6+
22.Kb1 Qa5 23.R1d6+  1-0

[Event "68th ch-ARM w 2013"]
[Site "Yerevan ARM"]
[Date "2013.01.18"]
[Round "6.1"]
[White "Andriasian,S"]
[Black "Hairapetian,A"]
[Result "1-0"]
[WhiteElo "2235"]
[BlackElo "2199"]

1.e4 c5 2.Nf3 Nc6 3.Bb5 Nf6 4.Bxc6 dxc6 5.d3 g6 6.h3 Bg7 7.Nc3 Nd7 8.Be3 e5
9.Qd2 Qe7 10.Bh6 Bxh6 11.Qxh6 f6 12.Qe3 Nf8 13.a4 Ne6 14.Ne2 Nd4 15.Nfxd4 cxd4
16.Qd2 Be6 17.f4 c5 18.O-O O-O-O 19.c3 Kb8 20.cxd4 cxd4 21.fxe5 fxe5 22.Kh2 Rc8
23.Ng1 g5 24.Nf3 Rhg8 25.g4 h5 26.Kg3 hxg4 27.hxg4 b6 28.a5 b5 29.a6 Bd7
30.Rfc1 Qe6 31.Rxc8+ Bxc8 32.Qb4 Bd7 33.Qc5 Qxg4+ 34.Kf2 Rc8 35.Qxe5+ Ka8
36.Qd5+ Bc6 37.Qxg5 Qd7 38.Qf5 Rd8 39.Qxd7 Bxd7 40.Nxd4  1-0

[Event "TCh-CAT Div Hon 2013"]
[Site "Catalonia ESP"]
[Date "2013.01.19"]
[Round "1.1"]
[White "De la Riva Aguado,O"]
[Black "Beltran Rueda,S"]
[Result "1-0"]
[WhiteElo "2522"]
[BlackElo "2420"]

1.e4 c5 2.Nf3 Nc6 3.Bb5 g6 4.Bxc6 dxc6 5.d3 Bg7 6.Nc3 Nf6 7.h3 Nd7 8.Be3 e5
9.Qd2 Qe7 10.O-O Nf8 11.Bh6 Bxh6 12.Qxh6 f6 13.Nh2 Ne6 14.Ne2 Bd7 15.f4 exf4
16.Nxf4 O-O-O 17.Nxe6 Bxe6 18.b3 f5 19.exf5 Bxf5 20.Rae1 Qd6 21.Nf3 Qf8 22.Qh4 h5
23.Re7 Re8 24.Rfe1 Rxe7 25.Rxe7 Kb8 26.Ne5 Rg8 27.Nxc6+  1-0

[Event "TCh-CAT Div Hon 2013"]
[Site "Catalonia ESP"]
[Date "2013.01.19"]
[Round "1.9"]
[White "Rahal,M"]
[Black "Martin Gonzalez,An"]
[Result "0-1"]
[WhiteElo "2353"]
[BlackElo "2336"]

1.e4 c5 2.Nf3 Nc6 3.Bb5 g6 4.O-O Bg7 5.Re1 e5 6.c3 Nge7 7.d4 exd4 8.cxd4 Nxd4
9.Nxd4 Bxd4 10.Nc3 O-O 11.Bg5 d6 12.Bh6 Bg7 13.Bxg7 Kxg7 14.Qd2 a6 15.Bc4 b5
16.Bd5 Ra7 17.Rad1 b4 18.Ne2 Nxd5 19.Qxd5 Be6 20.Qd3 Qf6 21.b3 Rd8 22.Qe3 Rad7
23.Nf4 a5 24.Nd5 Bxd5 25.Rxd5 Re7 26.f3 Re5 27.Rd2 Qe7 28.f4 Re6 29.Qd3 Re8
30.Rde2 f5 31.e5 dxe5 32.fxe5 Qd8 33.Qb5 Qd4+ 34.Kf1 Qf4+ 35.Kg1 Qd4+ 36.Kf1 Rxe5
37.Rxe5 Rxe5 38.Rxe5 Qxe5 39.Qxa5 h5 40.h4 Qf4+ 41.Kg1 Qe3+ 42.Kf1 f4 43.Qc7+ Kf6
44.Qd6+ Kf5 45.Qd5+ Qe5 46.Qd3+ Qe4 47.Qd7+ Ke5 48.Qc7+ Kd4 49.Qd6+ Kc3 50.Qxc5+ Kb2
51.Qf2+ Qc2 52.Qxf4 Qc1+  0-1

[Event "5th Chennai Open 2013"]
[Site "Chennai IND"]
[Date "2013.01.19"]
[Round "4"]
[White "Shashikant,K"]
[Black "Sai,V"]
[Result "1-0"]
[WhiteElo "2261"]
[BlackElo "1987"]

1.e4 c5 2.Nf3 Nc6 3.Bb5 g6 4.Bxc6 dxc6 5.d3 Bg7 6.h3 Nf6 7.Nc3 O-O 8.O-O b5
9.e5 Nd5 10.Ne4 Qb6 11.Qe2 Bf5 12.Ng3 Bd7 13.c4 Nc7 14.Be3 b4 15.Ne4 Ne6
16.Rad1 Nd4 17.Nxd4 cxd4 18.c5 Qc7 19.Bxd4 Bxe5 20.Bxe5 Qxe5 21.d4 Qd5 22.b3 a5
23.Rfe1 Rfe8 24.Qd2 Kg7 25.Ng3 f6 26.Re3 Rad8 27.Qe2 Qf7 28.Re1 Kf8 29.Re4 Bc8
30.Qf3 Rd5 31.Nf1 Rf5 32.Qe2 Rg5 33.h4 Rd5 34.Ne3 Rd7 35.Qf3 Ba6 36.Ng4 Kg7
37.Nxf6 Qxf6 38.Rf4 Rf8 39.Rxf6 Rxf6 40.Qg3 Bb5 41.Re5 Rf7 42.Qg4 Rd8 43.h5 Bd3
44.Qh4 Rd7 45.d5 Bb5 46.Qd4 Kf8 47.Re6 Rg7 48.h6 Rg8 49.d6 Kf7 50.Qe5 Re8
51.dxe7 Rexe7 52.Qf6+ Ke8 53.Qh8+ Kf7 54.Rf6+  1-0

[Event "Dvorkovich Mem 2013"]
[Site "Taganrog RUS"]
[Date "2013.01.19"]
[Round "5.17"]
[White "Kovalchuk,Al RUS"]
[Black "Kornyukov,A"]
[Result "1/2-1/2"]
[WhiteElo "2235"]
[BlackElo "2460"]

1.e4 c5 2.Nf3 Nc6 3.Bb5 Nf6 4.Bxc6 dxc6 5.d3 Bg4 6.h3 Bh5 7.Nbd2 e6 8.O-O Be7
9.Nc4 b5 10.Ne3 O-O 11.a4 Qc7 12.b3 Nd7 13.Bb2 f5 14.exf5 exf5 15.axb5 f4
16.Ng4 cxb5 17.Re1 Bf6 18.Nxf6+ Nxf6 19.Re5 a5 20.Qe2 Rae8 21.Re1 Qc6 22.Rxe8 Rxe8
23.Ne5 Qc8 24.Qd2 f3 25.g4 Bxg4 26.Nxg4 Rxe1+ 27.Qxe1 Nxg4 28.Qe4 Nf6 29.Qxf3 a4
30.Qe3 Kf7 31.bxa4 bxa4 32.Ba3 c4 33.Qa7+ Qd7 34.Qa8 cxd3 35.cxd3 Kg6 36.Qg2+ Kf7
37.Qa8 Qb5 38.Qa7+ Kg6 39.d4 Qb1+ 40.Kg2 Qb3 41.Bc5 Nd5 42.Qa6+ Kg5 43.Bd6 Qc2
44.Qa7 Ne3+ 45.Kf3 Nf5 46.Bf4+ Kg6 47.Qa6+ Kh5 48.Qa5 g5 49.Be3 Nh4+ 50.Kg3 Qf5
51.Qa8 Qf7 52.Qe4 h6 53.d5 a3 54.d6 a2 55.Bd4 Nf5+ 56.Kg2 Nxd6 57.Qg4+ Kg6
58.h4 Qd5+ 59.Kh2 Nf5 60.h5+ Kf7 61.Bb2 Qd6+ 62.Kg1 Qd3 63.Qb4 Qb1+ 64.Kh2 a1=Q
65.Qc4+ Ke7 66.Qc7+ Ke6 67.Qc8+ Kd5 68.Bxa1 Qxa1 69.Qxf5+ Qe5+ 70.Qxe5+ Kxe5
71.Kg3 Kf5 72.f3 Ke5 73.Kg4 Kf6 74.f4 gxf4 75.Kxf4  1/2-1/2

[Event "TCh-SVK Extraliga 2012-13"]
[Site "Slovakia SVK"]
[Date "2013.01.20"]
[Round "6.5"]
[White "Mydlarik,M"]
[Black "Danada,T"]
[Result "0-1"]
[WhiteElo "2114"]
[BlackElo "2098"]

1.e4 c5 2.Nf3 Nc6 3.Bb5 Nf6 4.Bxc6 dxc6 5.e5 Nd5 6.h3 Bf5 7.O-O e6 8.d3 Be7
9.Qe2 g5 10.Nc3 h5 11.Ne4 g4 12.Nfg5 gxh3 13.Nxh3 Bg4 14.f3 Bxh3 15.gxh3 Qc7
16.c4 Qxe5 17.cxd5 cxd5 18.f4 Qf5 19.Kh2 c4 20.Ng3 cxd3 21.Qe5 Qxe5 22.fxe5 Rc8
23.Be3 h4 24.Nh1 Rh5 25.Rad1 Rxe5 26.Rxd3 b6 27.Kg2 Rc2+ 28.Rf2 Rc4 29.Rf3 Bc5
30.Bxc5 bxc5 31.Rb3 Rg5+ 32.Kf2 Rc1 33.Rb8+ Ke7 34.Rb7+ Kd6 35.Rbxf7 Rxh1
36.Rxa7 Rh2+ 37.Kf1 Rf5 38.Rxf5 exf5 39.b3 Rxh3 40.Kg2 Rc3 41.a4 Rxb3 42.a5 Ra3
43.a6 Kc6 44.Ra8 d4 45.a7 Kb7  0-1

[Event "68th ch-ARM w 2013"]
[Site "Yerevan ARM"]
[Date "2013.01.20"]
[Round "8.1"]
[White "Andriasian,S"]
[Black "Ghambaryan,Hasmik"]
[Result "1-0"]
[WhiteElo "2235"]
[BlackElo "1953"]

1.e4 c5 2.Nf3 Nc6 3.Bb5 g6 4.Bxc6 dxc6 5.d3 Bg7 6.h3 e5 7.Be3 Qe7 8.Qd2 Nf6
9.a3 b6 10.b4 cxb4 11.axb4 Bb7 12.Na3 O-O 13.Nc4 Ne8 14.O-O Nd6 15.Qc3 Rfe8
16.Ra2 Nb5 17.Qd2 Red8 18.Rfa1 Qc7 19.Na3 Nxa3 20.Rxa3 a6 21.Qc3 Rac8 22.Nd2 Rb8
23.Nc4 Bc8 24.f3 Re8 25.R3a2 Re6 26.Qe1 Bf8 27.c3 b5 28.Na5 f5 29.Nb3 f4
30.Bc5 Bg7 31.Rc2 g5 32.Bf2 Rh6 33.Nc5 Ra8 34.Rca2 Qf7 35.Qf1 Bf8 36.Ra3 Qh5
37.Be1 Bxc5+ 38.bxc5 Ra7 39.d4 Rd7 40.Rd1 Qf7 41.Bf2 Re6 42.Raa1 h5 43.dxe5 g4
44.Rxd7 Bxd7 45.fxg4 Rxe5 46.Qd3 hxg4 47.hxg4 Bxg4 48.Rxa6 Qe8 49.Ra7 Rxe4
50.Ra8 Qxa8 51.Qxe4 Bd7 52.Qg6+ Kf8 53.Qf6+ Ke8 54.Qh8+  1-0

[Event "5th Chennai Open 2013"]
[Site "Chennai IND"]
[Date "2013.01.21"]
[Round "9"]
[White "Siddharth,R"]
[Black "Ramaswamy,A"]
[Result "1-0"]
[WhiteElo "2372"]
[BlackElo "2105"]

1.e4 c5 2.Nf3 Nc6 3.Bb5 e6 4.c3 Nge7 5.d4 d5 6.dxc5 Qa5 7.Na3 a6 8.b4 Qc7
9.Bd3 Ne5 10.Nxe5 Qxe5 11.O-O Bd7 12.Rb1 Bc6 13.b5 axb5 14.Nxb5 dxe4 15.Nd6+ Kd7
16.Nxf7 Qd5 17.Bxe4 Qxd1 18.Rxd1+ Ke8 19.Nd6+ Kd7 20.Nxb7+ Ke8 21.Nd6+  1-0

[Event "5th Chennai Open 2013"]
[Site "Chennai IND"]
[Date "2013.01.23"]
[Round "11"]
[White "Shashikant,K"]
[Black "Yohan,J"]
[Result "1-0"]
[WhiteElo "2261"]
[BlackElo "2091"]

1.e4 c5 2.Nf3 Nc6 3.Bb5 g6 4.Bxc6 dxc6 5.d3 Bg7 6.h3 b6 7.O-O Nh6 8.a3 O-O
9.Nc3 f6 10.Be3 e5 11.b4 cxb4 12.axb4 Be6 13.Ra3 Qd7 14.Qd2 Nf7 15.Rfa1 Qb7
16.Ra6 Rfd8 17.b5 Nd6 18.bxc6 Qxc6 19.Rxa7 Rxa7 20.Rxa7 Nc4 21.Nd5 Nxd2 22.Ne7+ Kf8
23.Nxc6 Nxf3+ 24.gxf3 Rc8 25.Nb4 Bxh3 26.c4 Be6 27.Bxb6 h5 28.c5 Bh6 29.Nd5 Bg5
30.Ne7 Re8 31.Nxg6+ Kg8 32.c6 h4 33.Be3 Bxe3 34.fxe3 h3 35.f4 Bf7 36.Ne7+ Kg7
37.Nf5+  1-0

[Event "Marianske Lazne Open 2013"]
[Site "Marianske Lazne CZE"]
[Date "2013.01.24"]
[Round "7.9"]
[White "Larsen,Pet"]
[Black "Marek,Mat"]
[Result "1-0"]
[WhiteElo "2209"]
[BlackElo "1977"]

1.e4 c5 2.Nf3 Nc6 3.Bb5 g6 4.Bxc6 dxc6 5.d3 Bg7 6.O-O e5 7.Nbd2 Ne7 8.Nc4 Qc7
9.Bg5 h6 10.Bxe7 Qxe7 11.Qe1 O-O 12.a4 Bg4 13.Qe3 Rae8 14.a5 f5 15.exf5 gxf5
16.Rfe1 e4 17.Qf4 Bxf3 18.gxf3 Qd7 19.Rad1 Qd5 20.Kh1 exd3 21.Rxe8 Rxe8 22.Rxd3 Re1+
23.Kg2 Qf7 24.Rd8+ Kh7 25.Nd6 Qg6+ 26.Qg3 Re2 27.Rb8 Re6 28.Ne8 Qxg3+ 29.fxg3 Be5
30.Rxb7+ Kg6 31.f4 Bd4 32.c3 Rxe8 33.cxd4 cxd4 34.Rxa7 Re2+ 35.Kh3 Rxb2 36.Rc7 Rc2
37.a6 Kh5 38.a7 Ra2 39.Rxc6 Rxa7 40.Rd6 Ra2 41.Rxd4 Kg6 42.Rd6+ Kg7 43.Rb6 Rc2
44.Rb1 Kg6 45.Rg1 Kh5 46.Rg2 Rc6 47.Re2 Rf6 48.Re5 Kg6 49.Kg2 Ra6 50.Kf3 Kf6
51.Rd5 Ra3+ 52.Ke2 Ra2+ 53.Rd2 Ra6 54.Rb2 Kg6 55.Ke3 Kh5 56.Kf3 Ra3+ 57.Kg2 Kg4
58.Re2 Rb3 59.h3+ Kh5 60.Kf2 Ra3 61.Re5 Ra2+ 62.Kf3 Ra3+ 63.Re3 Ra6 64.g4+ fxg4+
65.hxg4+ Kg6 66.Rd3 Ra4 67.Rd6+ Kg7 68.Ke3 Rb4 69.Rd4 Rb8 70.Rd7+ Kg6 71.Rd6+ Kg7
72.Ke4 Re8+ 73.Kf5 Rf8+ 74.Ke5 Re8+ 75.Re6 Ra8 76.Re7+ Kg8 77.Kf5 Rf8+ 78.Kg6 h5
79.g5 Rxf4 80.Re8+ Rf8 81.Rxf8+ Kxf8 82.Kh7  1-0

[Event "ITT ABC COLOR 2013"]
[Site "Asuncion PAR"]
[Date "2013.01.25"]
[Round "1.4"]
[White "Real de Azua,E"]
[Black "Kropff,R"]
[Result "1-0"]
[WhiteElo "2465"]
[BlackElo "2213"]

1.e4 c5 2.Nf3 Nc6 3.Bb5 e6 4.Bxc6 bxc6 5.b3 d6 6.e5 dxe5 7.Nxe5 Qd5 8.Nf3 Qe4+
9.Qe2 Qxc2 10.O-O Nf6 11.Nc3 Bd6 12.Ba3 O-O 13.Rfe1 Rd8 14.Rac1 Qf5 15.Ne4 Nxe4
16.Qxe4 Qxe4 17.Rxe4 f6 18.Bxc5 e5 19.Bxd6 Rxd6 20.d4 Bf5 21.dxe5 Bxe4 22.exd6 Rd8
23.Nd2 Bd5 24.Nc4 Bxc4 25.Rxc4 Rxd6 26.Kf1 Kf7 27.Ra4 Rd7 28.Ra6 Rc7 29.Ke2 Ke6
30.Kd3 Kd5 31.Ra5+ Kd6 32.h4 Rd7 33.Kc4 Re7 34.g3 g6 35.Kd3 h5 36.b4 Rb7
37.a3 Re7 38.Ra6 Kd5 39.Ra5+ Kd6 40.Kd2 Rg7 41.Ke3 Re7+ 42.Kf4 Rc7 43.f3 Rh7
44.Ra6 Kd5 45.b5 cxb5 46.Rxf6 Rg7 47.Kg5 a5 48.Ra6 a4 49.g4 Rf7 50.Rxg6 Rxf3
51.gxh5 Ke5 52.h6 Rf5+ 53.Kg4 Rf4+ 54.Kh5  1-0

[Event "Asian Zone 3.3"]
[Site "Tagaytay City PHI"]
[Date "2013.01.25"]
[Round "5.4"]
[White "Antonio,R"]
[Black "Pascua,H"]
[Result "1-0"]
[WhiteElo "2541"]
[BlackElo "2386"]

1.e4 c5 2.Nf3 Nc6 3.Bb5 Nf6 4.Nc3 g6 5.h3 Bg7 6.e5 Ng8 7.Bxc6 dxc6 8.d3 Nh6
9.g4 O-O 10.Bf4 f6 11.Qe2 Qa5 12.O-O-O f5 13.g5 Nf7 14.h4 Be6 15.h5 b5 16.Nh4 Qb4
17.Bd2 Nxe5 18.hxg6 f4 19.a3 Qd4 20.Nf3 Qd6 21.Ne4 Qd5 22.Nxe5 Bxe5 23.Nc3 Qd4
24.Rde1 Rf5 25.Qh5 b4 26.Qxh7+ Kf8 27.g7+ Bxg7 28.Rxe6 Rf7 29.g6 Rf5 30.Rh5 Rf6
31.Rxe7  1-0

[Event "TCh-CZE Div1 Vychod 2012-13"]
[Site "Czech Republic CZE"]
[Date "2013.01.27"]
[Round "6.4"]
[White "Seidl,S"]
[Black "Uricar,J"]
[Result "1/2-1/2"]
[WhiteElo "2185"]
[BlackElo "2163"]

1.e4 c5 2.Nf3 Nc6 3.Bb5 g6 4.O-O Bg7 5.Re1 Nd4 6.Bc4 e6 7.c3 Nxf3+ 8.Qxf3 d6
9.d3 h6 10.Be3 a6 11.a4 Bd7 12.a5 Ne7 13.d4 cxd4 14.Bxd4 Bxd4 15.cxd4 Nc6
16.Qc3 Rc8 17.Nd2 O-O 18.d5 Ne5 19.f4 Nxc4 20.Nxc4 Bb5 21.b3 exd5 22.exd5 Qc7
23.f5  1/2-1/2

[Event "TCh-CZE Div1 Zapad 2012-13"]
[Site "Czech Republic CZE"]
[Date "2013.01.27"]
[Round "6.1"]
[White "Petenyi,T"]
[Black "Jirovsky,M"]
[Result "1/2-1/2"]
[WhiteElo "2457"]
[BlackElo "2453"]

1.e4 c5 2.Nf3 Nc6 3.Bb5 g6 4.Bxc6 dxc6 5.h3 Bg7 6.d3 e5 7.Nc3 Qe7 8.Be3 Nf6
9.Qd2 h6 10.a4 a5 11.Nb1 c4 12.Na3 cxd3 13.cxd3 Be6 14.O-O Nd7 15.Nc4 Bxc4
16.dxc4 Nc5 17.Qc2 Ne6 18.Rad1 O-O 19.Rfe1 f5 20.Qc3 f4 21.Bb6 g5 22.c5 h5
23.Rd6 g4 24.Qc4 Rae8  1/2-1/2

[Event "6th Gora Sw Anny OpA"]
[Site "Gora Swietej Anny POL"]
[Date "2013.01.27"]
[Round "3.11"]
[White "Tabola,Marcin"]
[Black "Cukrowski,F"]
[Result "1/2-1/2"]
[WhiteElo "1967"]
[BlackElo "2177"]

1.e4 c5 2.Nf3 Nc6 3.Bb5 d6 4.d4 cxd4 5.Qxd4 Bd7 6.Bxc6 Bxc6 7.Nc3 Nf6 8.Bg5 e6
9.O-O-O Be7 10.Qd3 Qa5 11.h4 Qa6 12.Qxa6 bxa6 13.Nd4 Bb7 14.f3 Bd8 15.Nb3 Ke7
16.Bf4 Bc7 17.Rhe1 Nd7 18.Nd2 Rad8 19.Be3 Nb6 20.a4 Bc6 21.b3 f6 22.f4 Kf7
23.Nf3 g6 24.g4 Nc8 25.f5 gxf5 26.gxf5 exf5 27.Nd5 fxe4 28.Ng5+ fxg5 29.Rf1+ Ke8
30.Nxc7+ Kd7 31.Rf7+ Ne7 32.Bxg5 Kxc7 33.Bxe7 Rd7 34.Bxd6+ Kc8 35.Rxd7 Bxd7
36.Rd5 Bc6 37.Re5 Rd8 38.Bc5 Rd7 39.h5 Kb7 40.h6 Bd5 41.c4 Bc6 42.Kc2 Rf7
43.Rg5 Bd7 44.Rg7 Be6 45.Kd2 Kc6 46.Rxf7 Bxf7 47.Bxa7 Bh5 48.b4 Be8 49.Ke3 Kb7
50.Bd4 Bxa4 51.Kxe4 Kc6 52.Bf6 Bc2+ 53.Kd4 Bf5 54.Kc3 Be6 55.Kd4 Bf5 56.Kc3 Be6  1/2-1/2

[Event "18th HIT Open A 2013"]
[Site "Nova Gorica SLO"]
[Date "2013.01.27"]
[Round "4.22"]
[White "Ceschia,I"]
[Black "Bratkovic,Jakob"]
[Result "1-0"]
[WhiteElo "2303"]
[BlackElo "1941"]

1.e4 c5 2.Nf3 Nc6 3.Bb5 e6 4.Bxc6 bxc6 5.d3 Ne7 6.b3 Ng6 7.Bb2 f6 8.h4 e5
9.h5 Nf4 10.Nh4 g5 11.g3 Ne6 12.Nf5 h6 13.Nd2 d5 14.Qe2 Nd4 15.Nxd4 cxd4
16.exd5 cxd5 17.Bxd4 Qe7 18.Bb2 Ba6 19.Qf3 O-O-O 20.O-O-O Kb8 21.Rhe1 Bb7
22.Qf5 Ka8 23.f4 Bc8 24.Qg6 Bg4 25.fxe5 Bxd1 26.Kxd1 f5 27.e6 Rh7 28.Bf6  1-0

[Event "6th Gora Sw Anny OpA"]
[Site "Gora Swietej Anny POL"]
[Date "2013.01.29"]
[Round "5.10"]
[White "Rozycki,B"]
[Black "Cukrowski,F"]
[Result "0-1"]
[WhiteElo "2011"]
[BlackElo "2177"]

1.e4 c5 2.Nf3 Nc6 3.Bb5 d6 4.O-O Nf6 5.Re1 Bd7 6.h3 a6 7.Bf1 h6 8.c3 e5 9.a4 g5
10.Na3 g4 11.hxg4 Bxg4 12.Nc2 Ne7 13.Ne3 Bh5 14.d4 Qc7 15.dxe5 dxe5 16.Nd5 Nexd5
17.exd5 O-O-O 18.Qc2 e4 19.c4 Bg6 20.Nh4 Ng4 21.f4 exf3  0-1

[Event "6th Gora Sw Anny OpA"]
[Site "Gora Swietej Anny POL"]
[Date "2013.01.30"]
[Round "6.5"]
[White "Hnydiuk,A"]
[Black "Cukrowski,F"]
[Result "1-0"]
[WhiteElo "2416"]
[BlackElo "2177"]

1.e4 c5 2.Nf3 Nc6 3.Bb5 d6 4.c3 Nf6 5.Qe2 Bd7 6.d4 cxd4 7.cxd4 d5 8.exd5 Nxd5
9.Nc3 a6 10.Nxd5 axb5 11.Bf4 Rc8 12.O-O e6 13.Nc3 b4 14.Nb5 Qb6 15.Rac1 Be7
16.d5 exd5 17.Nd6+ Kf8 18.Nxc8 Bxc8 19.Be3 Qa5 20.Ne5 Qa8 21.Qc2 h5 22.Nxc6 bxc6
23.Qxc6 Bb7 24.Qd7  1-0

[Event "Imperial College Open"]
[Site "London ENG"]
[Date "2013.02.01"]
[Round "1"]
[White "Dydak,Mateusz"]
[Black "Dybowski,J"]
[Result "0-1"]
[WhiteElo "1935"]
[BlackElo "2274"]

1.e4 c5 2.Nf3 Nc6 3.Bb5 Qc7 4.O-O Nf6 5.Re1 a6 6.Bf1 d6 7.h3 g6 8.c3 Bg7
9.d3 O-O 10.Bf4 e5 11.Bg5 Nh5 12.Nbd2 Be6 13.Nh2 Rfe8 14.Nc4 b5 15.Nd2 Nf4
16.Bxf4 exf4 17.a4 b4 18.Rc1 Qa5 19.Nb1 Rab8 20.Nf3 bxc3 21.bxc3 Ba2 22.Nfd2 Bh6
23.Qc2 Be6 24.Na3 f3 25.Nac4 Qd8 26.Rb1 fxg2 27.Bxg2 Qg5 28.Nf3 Qf4 29.Ne3 Ne5
30.Nxe5 Qxe5 31.Ng4 Bxg4 32.hxg4 Bf4 33.Rbd1 Qg5 34.Qe2 Rb3 35.c4 Reb8 36.Qf3 Be5
37.Qh3 Rb2 38.Rf1 Qf4 39.Qg3 Qxg3 40.fxg3 Bxg3 41.e5 Bxe5 42.Rf3 Ra2 43.Kf1 Rbb2
44.Bh3 Rh2  0-1

[Event "TCh-AUT 2 East 2012-13"]
[Site "Austria AUT"]
[Date "2013.02.02"]
[Round "6.2"]
[White "Pinter,E"]
[Black "Cvek,R"]
[Result "0-1"]
[WhiteElo "2379"]
[BlackElo "2540"]

1.e4 c5 2.Nf3 Nc6 3.Bb5 g6 4.O-O Bg7 5.Re1 Nf6 6.c3 O-O 7.d4 d5 8.exd5 Qxd5
9.c4 Qd6 10.Bxc6 bxc6 11.Nc3 cxd4 12.Qxd4 Rd8 13.Qxd6 exd6 14.Bf4 Ba6 15.Rad1 Bxc4
16.Rxd6 Rxd6 17.Bxd6 Nd5 18.Nd2 Nb6 19.Nde4 Be6 20.Be7 f5 21.Ng5 Bc4 22.Nf3 Nd5
23.Nxd5 Bxd5 24.b3 a5 25.h4 a4 26.h5 axb3 27.axb3 Re8 28.hxg6 hxg6 29.Bc5 Rxe1+
30.Nxe1 Bxb3 31.f4 Bd5 32.Kf2 Be4 33.Nf3 Bxf3 34.Kxf3 Kf7 35.Ke3 Ke6 36.Kd3 Kd5
37.Be3 c5 38.Bc1 Bd4 39.Bd2 c4+ 40.Ke2 Ke4 41.g3 c3  0-1

[Event "6th Gora Sw Anny OpA"]
[Site "Gora Swietej Anny POL"]
[Date "2013.02.02"]
[Round "9.10"]
[White "Rozycki,B"]
[Black "Poswiatowski,M"]
[Result "1/2-1/2"]
[WhiteElo "2011"]
[BlackElo "2029"]

1.e4 c5 2.Nf3 Nc6 3.Bb5 g6 4.Bxc6 dxc6 5.h3 Bg7 6.d3 Nf6 7.O-O O-O 8.Nc3 b5
9.Be3 c4 10.Nd4 Qc7 11.f4 Rd8 12.e5 Nd5 13.Nxd5 Rxd5 14.dxc4 bxc4 15.Qe2 Ba6
16.c3 Rad8 17.Rfd1 c5 18.Nf3 e6 19.Rd2 Qa5 20.Rad1 Bf8 21.a3 Qa4 22.Rxd5 exd5
23.Qe1 Bc8 24.g4 d4 25.cxd4 Bb7 26.Qe2 Qb3 27.d5 Bxd5 28.Re1 Bxf3 29.Qxf3 Qxb2
30.Qe4 Qc3  1/2-1/2

[Event "Imperial College Open"]
[Site "London ENG"]
[Date "2013.02.02"]
[Round "2"]
[White "Maroroa,S"]
[Black "Taylor,Adam A"]
[Result "1-0"]
[WhiteElo "2055"]
[BlackElo "1917"]

1.e4 c5 2.Nf3 Nc6 3.Bb5 e6 4.Bxc6 bxc6 5.O-O Ne7 6.b3 Ng6 7.Bb2 f6 8.e5 Be7
9.Na3 O-O 10.d3 fxe5 11.Nxe5 Nxe5 12.Bxe5 d6 13.Bg3 Bh4 14.Qg4 Bxg3 15.fxg3 e5
16.Qc4+ Kh8 17.Rxf8+ Qxf8 18.Rf1 Qe8 19.Qf7 Be6 20.Qc7 Rd8 21.Nc4 Bxc4 22.bxc4 Kg8
23.Qxa7 Ra8 24.Qc7 Rxa2 25.Qxd6 h6 26.Re1 Rxc2 27.Qxe5 Qf8 28.Rf1 Qd8 29.Qe6+ Kh8
30.Qf5 Qd4+ 31.Kh1 Rd2 32.Rb1 Qb2 33.Re1 Re2 34.Qf1 Rxe1 35.Qxe1 Qd4 36.Qf1 Qe3
37.h3 Kg8 38.Qf3 Qd4 39.Kh2 Qe5 40.Qxc6 Kh8 41.Qa8+ Kh7 42.Qe4+ Qxe4 43.dxe4 Kg6
44.Kg1 Kf6 45.Kf2 Ke5 46.Ke3 g6 47.g4 g5 48.g3 Kf6 49.e5+ Kxe5 50.Kd3  1-0

[Event "Imperial College Open"]
[Site "London ENG"]
[Date "2013.02.02"]
[Round "3"]
[White "James,Angus S"]
[Black "Jones,Steven A"]
[Result "1/2-1/2"]
[WhiteElo "1918"]
[BlackElo "2005"]

1.e4 c5 2.Nf3 Nc6 3.Bb5 d6 4.O-O Bd7 5.c3 Nf6 6.Re1 a6 7.Ba4 b5 8.Bc2 Bg4
9.h3 Bxf3 10.Qxf3 e5 11.a4 Be7 12.axb5 axb5 13.Rxa8 Qxa8 14.Na3 b4 15.Nc4 O-O
16.d3 Qa2 17.Qd1 bxc3 18.bxc3 Rb8 19.Ba4 Nd8 20.Qc2 Qxc2  1/2-1/2

[Event "TCh-SWE Elite 2012-13"]
[Site "Sweden SWE"]
[Date "2013.02.02"]
[Round "5"]
[White "Sagit,R"]
[Black "Scheid,Adam"]
[Result "1-0"]
[WhiteElo "2356"]
[BlackElo "2009"]

1.e4 c5 2.Nf3 Nc6 3.Bb5 g6 4.O-O Bg7 5.Re1 Nf6 6.Nc3 O-O 7.a3 d6 8.h3 Nd4
9.Bc4 a6 10.d3 b5 11.Ba2 Bb7 12.Nxd4 cxd4 13.Ne2 Nd7 14.c3 dxc3 15.Nxc3 Rc8
16.d4 Nb6 17.Qd3 Nc4 18.b3 Nb6 19.Be3 e6 20.Rac1 f5 21.exf5 exf5 22.f3 Kh8
23.Qd2 Nd5 24.Nxd5 Bxd5 25.b4 Bc4 26.Bf2 d5 27.Bb1 Re8 28.h4 Qf6 29.Rxe8+ Rxe8
30.Re1 Re6 31.h5 gxh5 32.Rxe6 Qxe6 33.Qg5 Bh6 34.Qxh5 Qg6 35.Qh3 Qg5 36.Bxf5 Kg7
37.Bg3 Qe3+ 38.Kh2 Qxd4 39.Bc2 Bd3 40.Qd7+ Kg6 41.Qe6+ Kh5 42.Bxd3  1-0

[Event "ch-TUR 2013"]
[Site "Antalya TUR"]
[Date "2013.02.03"]
[Round "3.11"]
[White "Yildiz,B"]
[Black "Deviren,E"]
[Result "1-0"]
[WhiteElo "2368"]
[BlackElo "1956"]

1.e4 c5 2.Nf3 Nc6 3.Bb5 g6 4.Bxc6 dxc6 5.d3 Bg4 6.Nbd2 Bg7 7.h3 Bxf3 8.Nxf3 e5
9.Be3 Qe7 10.Qd2 h6 11.Qc3 b6 12.b4 Nf6 13.bxc5 b5 14.O-O O-O 15.a4 a6 16.axb5 cxb5
17.Ra5 Rfc8 18.Qxe5 Qxe5 19.Nxe5 Nxe4 20.Nd7 Ra7 21.c6 Rac7 22.dxe4 Rxc6
23.Rb1 R8c7 24.Nb6 Rxc2 25.Rxa6 Be5 26.g3 Re2 27.Kg2 Rcc2 28.Nd5 Bc3 29.Rxb5 Be1
30.Rb8+  1-0

[Event "Imperial College Open"]
[Site "London ENG"]
[Date "2013.02.03"]
[Round "4"]
[White "Rendle,T"]
[Black "Madan,A"]
[Result "1-0"]
[WhiteElo "2370"]
[BlackElo "2299"]

1.e4 c5 2.Nf3 Nc6 3.Bb5 e6 4.Bxc6 bxc6 5.d3 d5 6.Qe2 a5 7.c4 d4 8.O-O f6
9.Nh4 Qc7 10.f4 Nh6 11.f5 e5 12.Bxh6 gxh6 13.Rf3 Rb8 14.Rg3 Qf7 15.b3 Rg8
16.Rxg8 Qxg8 17.Nd2 Qg5 18.Ndf3 Qg7 19.Rf1 Ra8 20.Nd2 Qg5 21.Nhf3 Qe3+ 22.Qxe3 dxe3
23.Nb1 a4 24.Nc3 axb3 25.axb3 h5 26.Na4 Rb8 27.Rb1 Kd7 28.Kf1 Kd6 29.Ke2 Bh6
30.Ne1 Bd7 31.Nc2 Rg8 32.Rg1 Rb8 33.Rb1 Rg8 34.Nxe3 Bxe3 35.Kxe3 Rxg2 36.h4 Be8
37.b4 cxb4 38.c5+ Ke7 39.Rxb4 Rg3+ 40.Kd2 Rg4 41.Rb7+ Kf8 42.Nb6 Rxh4 43.Nc4 Rh2+
44.Kc3 h4 45.Nd6 Bh5 46.Rxh7 Be2 47.Rf7+ Kg8 48.Rxf6 h3 49.Rg6+ Kf8 50.f6 Rf2
51.Rh6 Kg8 52.f7+ Kg7 53.Rxh3 Rf3 54.Rxf3 Bxf3 55.Nc4  1-0